| 000 -LEADER |
| fixed length control field |
00597cam a22001811 4500 |
| 020 ## - INTERNATIONAL STANDARD BOOK NUMBER |
| ISBN |
0262200058 (v. 2) |
| 040 ## - CATALOGING SOURCE |
| Transcribing agency |
NIC |
| 082 ## - DEWEY DECIMAL CLASSIFICATION NUMBER |
| Classification number |
621 PRE 1964 A055 Or. |
| 100 1# - MAIN ENTRY--AUTHOR NAME |
| Personal name |
Thompson, Theos Jardin, |
| 245 14 - TITLE STATEMENT |
| Title |
The technology of nuclear reactor safety. |
| 260 ## - PUBLICATION, DISTRIBUTION, ETC. (IMPRINT) |
| Place of publication |
Cambridge, |
| Name of publisher |
M. I. T. Press |
| Year of publication |
[1964-73] |
| 300 ## - PHYSICAL DESCRIPTION |
| Number of Pages |
2 v. |
| Other physical details |
illus. |
| Dimensions |
26 cm. |
| 500 ## - GENERAL NOTE |
| General note |
Vol. 2 prepared under the auspices of the Division of Technical Information, U. S. Atomic Energy Commission. |
| 650 #0 - SUBJECT ADDED ENTRY--TOPICAL TERM |
| Topical Term |
Nuclear reactors |
| 700 1# - ADDED ENTRY--PERSONAL NAME |
| Personal name |
Beckerley, James G., |
| 710 2# - ADDED ENTRY--CORPORATE NAME |
| Corporate name or jurisdiction name as entry element |
U.S. Atomic Energy Commission. |
| 942 ## - ADDED ENTRY ELEMENTS (KOHA) |
| Koha item type |
សៀវភៅភាសាអង់គ្លេស |
| 952 ## - LOCATION AND ITEM INFORMATION (KOHA) |
| Withdrawn status [LOCAL, KOHA] |
0 |